000
00258 a2200109 4500
001
90256
082
_a
923.15487 SHA
090
_c
42575
_d
42575
100
_a
Safdar Shaheen
245
_a
Noor ud din zangi
260
_a
Karachi
_b
Children Books Pub
_c
2006
942
_a
NUST-CAE
_k
923.15487 SHA
999
_c
325329
_d
325329